| 000 | 00472nam a2200181Ia 4500 | ||
|---|---|---|---|
| 008 | 180424s9999 xx 000 0 und d | ||
| 020 | _a138545715 | ||
| 084 | _a510.78 A19 | ||
| 100 | _a"Aktas, A Ziya" | ||
| 245 | 0 | _aStructured Analysis and Design of Information System | |
| 250 | _a\\198700ENGGPSX | ||
| 260 | _aPrentice Hall | ||
| 260 | _b1987 | ||
| 260 | _cEnglewood Cliffs | ||
| 300 | _axvii+190p | ||
| 500 | _aincludes index and biblioraphy | ||
| 942 | _cBK | ||
| 999 |
_c51326 _d51326 |
||